000
00263 a2200133 4500
001
194795
040
_c
Magnum
100
_a
Alencar, José de
240
1
0
_a
A viuvinha
_l
por
245
1
0
_a
A viuvinha
300
_a
47
697
_a
LITERATURA GERAL
942
_c
BK
999
_c
194795
_d
194795